[Event "Mataro Maresme op-A 13th"]
[Site "Mataro"]
[Date "2016.11.19"]
[Round "7"]
[White "Pedrola Santamaria, Joan"]
[Black "Garcia Garcia, Candido"]
[Result "1/2-1/2"]
[WhiteElo "1528"]
[BlackElo "1856"]
[PlyCount "95"]
[EventDate "2016.10.08"]
[EventType "swiss"]
[EventRounds "9"]
[EventCountry "ESP"]
[SourceTitle "EXT 2018"]
[Source "ChessBase"]
[SourceDate "2017.10.13"]
[SourceVersion "1"]
[SourceVersionDate "2017.10.13"]
[SourceQuality "1"]

1. d4 Nf6 2. c4 e5 3. dxe5 Ng4 4. Qd5 Nc6 5. Nf3 d6 6. Bg5 Be7 7. Bxe7 Nxe7 8. Qd2 Nxe5 9. Nxe5 dxe5 10. Qxd8+ Kxd8 11. Nc3 c6 12. 0-0-0+ Kc7 13. e3 f6 14. Be2 Be6 15. Ne4 Rad8 16. a3 b6 17. b4 Bf5 18. Bf3 Bxe4 19. Bxe4 f5 20. Bc2 g6 21. a4 c5 22. b5 Rxd1+ 23. Rxd1 Rd8 24. h4 Rxd1+ 25. Bxd1 Kd6 26. Kd2 Ng8 27. f4 Nf6 28. Bf3 e4 29. Bd1 Ke6 30. g3 h6 31. Ke1 Nd7 32. g4 Kf6 33. g5+ hxg5 34. hxg5+ Ke6 35. Kd2 Kd6 36. Ke1 Nb8 37. Kd2 a6 38. Kc3 Ke6 39. Kd2 a5 40. Ke2 Nd7 41. Kf2 Nf8 42. Ke2 Kf7 43. Kf2 Ne6 44. Ke1 Nd8 45. Kd2 Nb7 46. Be2 Nd6 47. Ke1 Ke6 48. Kf2 1/2-1/2

[Event "Mataro Maresme op-A 13th"]
[Site "Mataro"]
[Date "2016.11.12"]
[Round "6"]
[White "Pedrola Santamaria, Joan"]
[Black "Colome Rovira, Oscar"]
[Result "0-1"]
[WhiteElo "1528"]
[BlackElo "1909"]
[PlyCount "86"]
[EventDate "2016.10.08"]
[EventType "swiss"]
[EventRounds "9"]
[EventCountry "ESP"]
[SourceTitle "EXT 2018"]
[Source "ChessBase"]
[SourceDate "2017.10.13"]
[SourceVersion "1"]
[SourceVersionDate "2017.10.13"]
[SourceQuality "1"]

1. d4 Nf6 2. c4 e5 3. dxe5 Ng4 4. Nf3 Nc6 5. Bf4 Bb4+ 6. Nbd2 Qe7 7. e3 0-0 8. a3 Bxd2+ 9. Qxd2 Ngxe5 10. Nxe5 Nxe5 11. Be2 d6 12. Qc3 b6 13. Bxe5 dxe5 14. e4 Bb7 15. Qe3 f5 16. f3 fxe4 17. fxe4 Qh4+ 18. g3 Qxe4 19. Qxe4 Bxe4 20. Rf1 Rxf1+ 21. Bxf1 Rd8 22. Rd1 Rxd1+ 23. Kxd1 Kf7 24. Kd2 Ke6 25. Ke3 Bf5 26. Bg2 g5 27. b4 h6 28. h4 gxh4 29. gxh4 Kf6 30. c5 Kg6 31. cxb6 cxb6 32. Bf3 h5 33. Bc6 Kf6 34. Be8 Bg6 35. Bc6 Ke6 36. Bb7 Be8 37. Bf3 Kf5 38. Bd5 Bg6 39. Bb7 Kg4 40. Bf3+ Kxh4 41. a4 Kg3 42. a5 bxa5 43. bxa5 h4 0-1